Wer ist das? - Statistiken

Allgemein
  • Dieses Quiz wurde 402 mal gespielt
  • Das Durchschnittsergebnis liegt bei 5 aus 16
Antwortstatistiken
Bildquiz Antwort % Korrekt
Antonio Rüdiger
74%
Emmanuel Macron
71%
Kevin Teller
70%
Ernesto „Che“ Guevara
48%
Susanne Daubner
48%
Simon Gosejohann
46%
Boris Pistorius
38%
Grantelbart
33%
Halle Berry
26%
Marcell D'Avis
20%
Lucy Diakovska
19%
Laurence Fishburne
11%
Karl Klammer
7%
Roy Horn
3%
Grace Hopper
1%
Moritz Daniel Oppenheim
0%
Keine übereinstimmenden Quizze gefunden
Verteilung der Resultate
Anzahl Personen mit jedem Resultat
Perzentil nach korrekt beantworteten Fragen
Ihre Resultats-Entwicklung
Sie haben dieses Quiz noch nicht gespielt